| 000 | 01393 a2200217 4500 | ||
|---|---|---|---|
| 001 | 247 | ||
| 005 | 20260407155416.0 | ||
| 008 | 260407a2005 arg spa d | ||
| 003 | AR-UNSa-BCEJYS | ||
| 040 |
_aAR-UNSa-BCEJYS _bspa _cAR-UNSa-BCEJYS |
||
| 080 |
_a331.526.9 _xAutoempleo |
||
| 245 | 1 | 0 |
_aAutoempleo _puna salida frente al desempleo |
| 250 | _a1a. ed | ||
| 264 | 1 |
_aBuenos Aires : _bGranica _c2005 |
|
| 300 |
_a89 p. _c18 cm |
||
| 505 | _a1. Autoempleo: una salida - 2. ¿Qué es el autoempleo? - 3. Diferencia entre autoempleo y empresa - 4. Cómo surge la idea de iniciar una actividad, negocio o microemprendimiento - 5. Características de personalidad para el autoempleo - 6. Cómo elegir una actividad - 7. Fortalezas y debilidades - 8. Conocimientos actuales + lo que pueda aprender - 9. Destrezas o habilidades - 10. Competencias no técnicas - 11. Cómo relacionar las competencias técnicas y las no técnicas - 12. Cómo generar una idea - 13. Cómo relacionar intereses diversos - 14. Retiro anticipado y autoempleo - 15. Recomendaciones para iniciar una actividad - 16. 100 ideas para el autoempleo - 17. Unas Palabras sobre la autora | ||
| 942 | _cBK | ||
| 590 | _aniveau_biblio:m niveau_hierar:0 | ||
| 100 | 1 | _aAlles, Martha Alicia | |
| 856 | 4 | 1 |
_uhttps://biblioeco.unsa.edu.ar/pmb/images/libros/Autoempleo Alles, Martha Alicia (2005).jpg _yImagen de portada _qimage/jpeg |
| 999 |
_c162 _d162 |
||